Reflexiones iusfilosóficas de una decisión judicial : suplencia de la queja en los juicios electorales : comentarios a las sentencias SUP-JDC-11/2007 /

Análisis de las sentencias emitidas por el Tribunal Electoral del Poder Judicial de la Federación, sobre el caso de la violación de los derechos de los ciudadanos de un municipio de Oaxaca a elegir a los concejales del ayuntamiento.

Guardado en:
Detalles Bibliográficos
Autor principal: Vigo, Rodolfo Luis (autor)
Autor corporativo: Tribunal Electoral del Poder Judicial de la Federación (presen.)
Otros autores: Vargas Aguilar, José Eduardo (introducción) (introducción)
Formato: Libro
Idioma:Español
Publicado: México : Tribunal Electoral del Poder Judicial de la Federación, 2009, c2009
Edición:Edición abreviada
Colección:(Comentarios a las Sentencias del Tribunal Electoral del Poder Judicial de la Federación ; 23)
Temas:
Etiquetas: Agrega una etiqueta
Sin etiquetas, Sé el primero en etiquetar este registro!

MARC

LEADER 00000nam^a2200000^a^4500
001 000317618
005 20250620000000.0
008 120123 20092009
009 20260310113347.643
020 |a 978-607-7599-62-3 
037 |a Acervo ITESO - Biblioteca 
041 |a ESP 
082 |a 342. 7207  |b COM V. 23 
100 |a Vigo, Rodolfo Luis  |e (autor) 
245 1 0 |a Reflexiones iusfilosóficas de una decisión judicial :  |b suplencia de la queja en los juicios electorales : comentarios a las sentencias SUP-JDC-11/2007 /  |c R.L. Vigo ; introd. de J.E. Vargas Aguilar ; presen. del Tribunal Electoral del Poder Judicial de la Federación. 
250 |a Edición abreviada 
264 4 |a México :  |b Tribunal Electoral del Poder Judicial de la Federación,  |c 2009, c2009 
300 |a 68 p. 
336 |a texto  |b txt  |2 rdacontenido 
337 |a sin mediación  |b n  |2 rdamedio 
338 |a volumen  |b nc  |2 rdasoporte 
440 1 |a (Comentarios a las Sentencias del Tribunal Electoral del Poder Judicial de la Federación ;  |v 23) 
520 |a Análisis de las sentencias emitidas por el Tribunal Electoral del Poder Judicial de la Federación, sobre el caso de la violación de los derechos de los ciudadanos de un municipio de Oaxaca a elegir a los concejales del ayuntamiento. 
530 |a Existe una edición aumentada en formato digital en disco con el mismo título 
649 |a XX 
650 |a Indígenas de México -  |x Condiciones Jurídicas 
650 |a Tribunal Electoral del Poder Judicial de la Federación -  |x Tema Principal 
650 |a Tribunales Electorales -  |z México 
650 |a Suplencia de la Queja -  |z México -  |x Tema Principal 
650 |a Juicios Electorales -  |z México -  |x Tema Principal 
650 |a Derechos Políticos -  |z México -  |x Tema Principal 
650 |a Derecho Electoral -  |z México -  |x Tema Principal 
650 |a Derecho Político -  |z México 
650 |a Derecho Constitucional -  |z México 
650 |a Tanetze, Oaxaca -  |x Condiciones Jurídicas 
650 |a México -  |x Condiciones Jurídicas 
710 |a Tribunal Electoral del Poder Judicial de la Federación  |e (presen.) 
700 |a Vargas Aguilar, José Eduardo  |e (introducción) 
910 |a Fondo General 
920 |a Impresos - Libros 
930 |a Colección General 
905 |a 101 
901 |a 0500204869  |b IT1  |c ACC  |d DT  |i D57266  |u 20250620 
902 |a https://opac.biblio.iteso.mx/vufind/Record/000317618